Super Bowl Losing Coaches - Statistics

General Stats
  • This quiz has been taken 340 times
    152 since last reset
  • The average score is 29 of 60
Answer Stats
Season S.B. Team Coach % Correct
2017 LII Patriots Bill Belichick
98%
2011 XLVI Patriots Bill Belichick
98%
2007 XLII Patriots Bill Belichick
98%
2024 LIX Chiefs Andy Reid
96%
2020 LV Chiefs Andy Reid
96%
2004 XXXIX Eagles Andy Reid
96%
2023 LVIII 49ers Kyle Shanahan
89%
2019 LIV 49ers Kyle Shanahan
89%
2014 XLIX Seahawks Pete Carroll
83%
2025 LX Patriots Mike Vrabel
82%
2010 XLV Steelers Mike Tomlin
81%
2018 LIII Rams Sean McVay
79%
2022 LVII Eagles Nick Sirianni
74%
2012 XLVII 49ers Jim Harbaugh
70%
1984 XIX Dolphins Don Shula
66%
1982 XVII Dolphins Don Shula
66%
1971 VI Dolphins Don Shula
66%
1968 III Colts Don Shula
66%
2006 XLI Bears Lovie Smith
58%
1978 XIII Cowboys Tom Landry
57%
1975 X Cowboys Tom Landry
57%
1970 V Cowboys Tom Landry
57%
2021 LVI Bengals Zac Taylor
56%
2015 50 Panthers Ron Rivera
55%
1995 XXX Steelers Bill Cowher
53%
2005 XL Seahawks Mike Holmgren
50%
1997 XXXII Packers Mike Holmgren
50%
1996 XXXI Patriots Bill Parcells
48%
1993 XXVIII Bills Marv Levy
48%
1992 XXVII Bills Marv Levy
48%
1991 XXVI Bills Marv Levy
48%
1990 XXV Bills Marv Levy
48%
2016 LI Falcons Dan Quinn
45%
1980 XV Eagles Dick Vermeil
43%
1983 XVIII Redskins Joe Gibbs
43%
1999 XXXIV Titans Jeff Fisher
40%
2013 XLVIII Broncos John Fox
40%
2003 XXXVIII Panthers John Fox
40%
1998 XXXIII Falcons Dan Reeves
38%
1989 XXIV Broncos Dan Reeves
38%
1987 XXII Broncos Dan Reeves
38%
1986 XXI Broncos Dan Reeves
38%
1966 I Chiefs Hank Stram
29%
1976 XI Vikings Bud Grant
28%
1974 IX Vikings Bud Grant
28%
1973 VIII Vikings Bud Grant
28%
1969 IV Vikings Bud Grant
28%
2009 XLIV Colts Jim Caldwell
21%
1972 VII Redskins George Allen
20%
2001 XXXVI Rams Mike Martz
20%
2008 XLIII Cardinals Ken Whisenhunt
18%
1988 XXIII Bengals Sam Wyche
18%
2002 XXXVII Raiders Bill Callahan
16%
1994 XXIX Chargers Bobby Ross
12%
1977 XII Broncos Red Miller
12%
1981 XVI Bengals Forrest Gregg
11%
2000 XXXV Giants Jim Fassel
11%
1985 XX Patriots Raymond Berry
10%
1979 XIV Rams Ray Malavasi
6%
1967 II Raiders John Rauch
4%
No matching quizzes found
Score Distribution
Percent of People with Each Score
Percentile by Number Answered
Your Score History
You have not taken this quiz since the last reset